000 00442pab a2200169 454500
008 180718b2014 xxu||||| |||| 00| 0 eng d
100 _aPadayachee, Vishnu
245 _aAfter apartheid and Mandela: South Africa's 2014 elections
260 _c2014
300 _ap.21-45.
362 _a14 Jun
650 _aElections - South Africa
650 _aElections
773 _aEconomic and Political Weekly
908 _aN
909 _a104398
999 _c104394
_d104394